000 00967nam a2200265 a 4500
001 80673
003 BD-RjUL
005 20221101101814.0
008 221101s1966 enkh 000 0ceng
035 _a(BD-RjUL)80673
040 _aDLC
_cDLC
_dDLC
_dBD-RjUL
_beng
041 _aeng
082 0 0 _223
_a822.33
_bSMS 1966
100 1 0 _aSmart, John Semple,
_d1868-1925.
_95614
245 1 0 _aShakespeare :
_btruth and tradition /
_cby J. S. Smart, with a memoir by W. Macneile Dixon, and a preface by P. Alexander.
260 0 _aOxford :
_bClarendon Press,
_c1966.
300 _axxiii, 193 p. :
_bfacsim. ;
_c19 cm.
600 1 0 _aShakespeare, William,
_d1564-1616
_xAuthorship
_xBaconian theory.
_95615
600 1 0 _aShakespeare, William,
_d1564-1616
650 0 _aDramatists, English
_yEarly modern, 1500-1700
_vBiography.
_95616
700 1 1 _aDixon, W. Macneile
_q(William Macneile),
_d1866-1945.
_95617
942 _2ddc
_cBK
999 _c80673
_d80673